Normal view
MARC view
- أحمد حسين اللقاني،برنس أحمد رضوان
Entry Personal Name
001 - CONTROL NUMBER
- control field: 17527
003 - CONTROL NUMBER IDENTIFIER
- control field: JO-AjAnu
005 - DATE AND TIME OF LATEST TRANSACTION
- control field: 20230606073108.0
008 - FIXED-LENGTH DATA ELEMENTS
- fixed length control field: 230606|| aca||aabn | a|a d
040 ## - CATALOGING SOURCE
- Original cataloging agency: JO-AjAnu
- Transcribing agency: JO-AjAnu
100 ## - HEADING--PERSONAL NAME
- Personal name: أحمد حسين اللقاني،برنس أحمد رضوان
670 ## - SOURCE DATA FOUND
- Source citation: Work cat.: (JO-AjAnu)8998: أحمد حسين اللقاني،برنس أحمد رضوان, author, تدريس المواد الاجتماعية